Statistics for All Piggy Characters

Click here to take the quiz!

General Stats

  • This quiz has been taken 20 times
  • The average score is 16 of 40

Answer Stats

Answer% Correct
Bunny
67%
Doggy
67%
Mr. P
67%
Penny
67%
Father
56%
Felix
56%
Georgie
56%
Giraffy
56%
Kitty
56%
Kona
56%
Kona
56%
Mimi
56%
Mother
56%
Pony
56%
Willow
56%
Zizzy
56%
Foxy
44%
Katie
44%
Rash
44%
Robby
44%
Tigry
44%
Zee
44%
Zuzy
44%
Beary
33%
Budgey
33%
Pandy
33%
Tio
33%
Torcher
33%
William
33%
Daisy
22%
Dakoda
22%
Filip
22%
Mousy
22%
Poley
22%
Bobby
11%
Delta
11%
Elly
11%
Ms. P
11%
Crove
0%
Stitchy
0%

Score Distribution

Percentile by Number Answered

Percent of People with Each Score

Your Score History

You have not taken this quiz